00602 a2200193 450000100060000002000220000604000240002810000190005224000260007124500210009730000060011836200090012444000120013365000310014594200070017695201040018395201040028799900170039146043 a978-85-89526-20-3 cAnchieta - Aquarius aGalrão, Iray10aLendas africanaslpor10aLendas africanas a 0 a2009 1aKalango 4aLiteratura infanto-juvenil cBK 00104070a87.1b87.1d2023-11-21l0o028.5 GAL LENp3480/AQUr2023-11-21 15:12:23w2023-11-21yBK 00104070a87.1b87.1d2023-11-21l0o028.5 GAL LENp3481/AQUr2023-11-21 15:12:23w2023-11-21yBK c46043d46043